MARC details
| 000 -LEADER |
| fixed length control field |
01301cam a2200361 a 4500 |
| 001 - CONTROL NUMBER |
| control field |
14083197 |
| 003 - CONTROL NUMBER IDENTIFIER |
| control field |
BDDh-ASL |
| 005 - DATE AND TIME OF LATEST TRANSACTION |
| control field |
20231015030039.0 |
| 008 - FIXED-LENGTH DATA ELEMENTS--GENERAL INFORMATION |
| fixed length control field |
050413s20042012bg ab 000 0 eng |
| 010 ## - LIBRARY OF CONGRESS CONTROL NUMBER |
| LC control number |
2005310184 |
| 020 ## - INTERNATIONAL STANDARD BOOK NUMBER |
| International Standard Book Number |
9843208587 |
| 025 ## - OVERSEAS ACQUISITION NUMBER |
| Overseas acquisition number |
B-E-2005-310184; 21 |
| 035 ## - SYSTEM CONTROL NUMBER |
| System control number |
(DLC) 2005310184 |
| 037 ## - SOURCE OF ACQUISITION |
| Source of stock number/acquisition |
Library of Congress -- New Delhi Overseas Office |
| Terms of availability |
Tk3000.00 ($60.00 U.S.) |
| 040 ## - CATALOGING SOURCE |
| Original cataloging agency |
DLC |
| Transcribing agency |
DLC |
| Modifying agency |
DLC |
| -- |
BDDh-ASL |
| 041 1# - LANGUAGE CODE |
| Language code of text/sound track or separate title |
eng |
| Language code of original |
ben |
| 042 ## - AUTHENTICATION CODE |
| Authentication code |
lcode |
| 043 ## - GEOGRAPHIC AREA CODE |
| Geographic area code |
a-bg--- |
| 050 00 - LIBRARY OF CONGRESS CALL NUMBER |
| Classification number |
DS395.5 |
| Item number |
.K33313 2004 |
| 082 00 - DEWEY DECIMAL CLASSIFICATION NUMBER |
| Classification number |
954.9205 |
| Edition number |
22 |
| Item number |
QAI |
| 100 1# - MAIN ENTRY--PERSONAL NAME |
| Personal name |
Kādira, Muhāmmada Nurula, |
| Dates associated with a name |
1940- |
| 240 10 - UNIFORM TITLE |
| Uniform title |
Duśo cheshaṭṭi dine svādhīnatā. |
| Language of a work |
English |
| 245 10 - TITLE STATEMENT |
| Title |
Independence of Bangladesh in 266 days : |
| Remainder of title |
history and documentary evidence / |
| Statement of responsibility, etc. |
[edited by] Muhammad Nurul Quadir. |
| 246 3# - VARYING FORM OF TITLE |
| Title proper/short title |
Independence of Bangladesh in two sixty six days |
| 250 ## - EDITION STATEMENT |
| Edition statement |
1st ed. and 2nd ed. |
| 260 ## - PUBLICATION, DISTRIBUTION, ETC. |
| Place of publication, distribution, etc. |
Dhaka : |
| Name of publisher, distributor, etc. |
Mukto Publishers, |
| Date of publication, distribution, etc. |
2004. |
| -- |
2012. |
| 300 ## - PHYSICAL DESCRIPTION |
| Extent |
744 p., 804 p. : |
| Other physical details |
ill., map ; |
| Dimensions |
29 cm. |
| 651 #0 - SUBJECT ADDED ENTRY--GEOGRAPHIC NAME |
| Geographic name |
Bangladesh |
| General subdivision |
History |
| Chronological subdivision |
Revolution, 1971. |
| 651 #0 - SUBJECT ADDED ENTRY--GEOGRAPHIC NAME |
| Geographic name |
Bangladesh |
| General subdivision |
History |
| Chronological subdivision |
Revolution, 1971 |
| General subdivision |
Press coverage. |
| 906 ## - LOCAL DATA ELEMENT F, LDF (RLIN) |
| a |
7 |
| b |
cbc |
| c |
origode |
| d |
3 |
| e |
ncip |
| f |
20 |
| g |
y-gencatlg |
| 942 ## - ADDED ENTRY ELEMENTS (KOHA) |
| Source of classification or shelving scheme |
Dewey Decimal Classification |
| Koha item type |
Books |